Crónica de la Primera Reforma Universitaria del Perú y Auroral de América del Sur : (Record no. 22850)

000 -CABECERA
fixed length control field 01063nam a22002417i 4500
003 - IDENTIFICADOR DEL NÚMERO DE CONTROL
control field AR-CdUCM
008 - DATOS DE LONGITUD FIJA--INFORMACIÓN GENERAL
fixed length control field 240426b20092009pe ||||| |||| 00| 0 spa d
040 ## - FUENTE DE LA CATALOGACIÓN
Agencia/entidad que catalogó originalmente la obra MUNICIPALIDAD PROVINCIAL DEL CUSCO
Entidad que transcribió la catalogación BIBLIOTECA MUNICIPAL DEL CUSCO
082 ## - NÚMERO DE LA CLASIFICACIÓN DECIMAL DEWEY
No. de Clasificación 378.85 / P26
Notacion interna P26
100 ## - ENTRADA PRINCIPAL--NOMBRE DE PERSONA
Nombre Personal Paredes Pando, Oscar
245 ## - MENCIÓN DE TÍTULO
Título Crónica de la Primera Reforma Universitaria del Perú y Auroral de América del Sur :
Resto del título Cusco: 1907-1909 /
260 ## - PUBLICACIÓN, DISTRIBUCIÓN, ETC.
Lugar de publicación, distribución, etc. Cusco :
Nombre de la editorial, distribuidor, etc. Municipalidad Provincial del Cusco,
Fecha de publicación, distribución, etc. 2009
300 ## - DESCRIPCIÓN FÍSICA
Nº de Páginas Extensión 94 páginas. :
Dimensiones 20.4 cm.
500 ## - NOTA GENERAL
Bibliografía Bibliografía: página 95.
505 ## - NOTA DE CONTENIDO CON FORMATO
Nota de contenido formateada Crónica de la primera Reforma Universitaria del Perú -- América del Sur -- Alberto Giesecke
650 ## - PUNTO DE ACCESO ADICIONAL DE MATERIA--TÉRMINO DE MATERIA
Descriptor Finalizando el Siglo XIX
9 (RLIN) 49654
650 ## - PUNTO DE ACCESO ADICIONAL DE MATERIA--TÉRMINO DE MATERIA
Descriptor Nacimiento de la organización estudiantil y primera reinvindicaciones
9 (RLIN) 49655
650 ## - PUNTO DE ACCESO ADICIONAL DE MATERIA--TÉRMINO DE MATERIA
Descriptor El Rector Dr. Eliseo Araujo
9 (RLIN) 49656
650 ## - PUNTO DE ACCESO ADICIONAL DE MATERIA--TÉRMINO DE MATERIA
Descriptor La Huelga estudiantil de 1907
9 (RLIN) 49657
650 ## - PUNTO DE ACCESO ADICIONAL DE MATERIA--TÉRMINO DE MATERIA
Descriptor Encumbramiento de la primera reforma universitaria: 1909
9 (RLIN) 49658
942 ## - ELEMENTOS DE PUNTO DE ACCESO ADICIONAL (KOHA)
Fuente de clasificación
Tipo de item Libros-BMC
945 ## - PROCESAMIENTO DE INFORMACIÓN LOCAL (OCLC)
Catalogador pbj
AAAA-MM-DD - Fecha de ingreso o modificacion 2024-04-26
Holdings
Estado de retiro (separado) Fuente de clasificación o esquema de estanterías Estado dañado Ubicación Sala donde se ubica Nombre de la colección Fecha de adquisición o compra Fuente de adquisición Costo, precio normal en soles Signatura topográfica Código de Barras Última vez visto (Koha) Tipo de ítem (Koha)
No     Sala Humanidades Sala Humanidades Book Cart 2024-04-26 Donación 20.00 378.85 / P26 SH0000016677 2024-04-26 Libros-BMC

Powered by Koha